000 00660nam a2200217 a 4500
001 000023073
005 20200930021953.0
008 101125s1990 sp r 000 p spa d
020 _a8478200592
040 _aDO-SdBNP
_bspa
_cBNPHU
082 _a861.64
_bA284l
100 1 _aAguirre Oar, José Miguel,
_947500
245 1 0 _aLibro de meditaciones /
_cJ. M. Aguirre.
260 _aZaragoza, España :
_bIstitución Fernando el Católico,
_c1990.
300 _a73 p. ;
_c25 cm.
490 1 _aSan Jorge
_v58
650 4 _aMeditaciones españolas
_947501
650 4 _aLiteratura española
_ySIGLO XX
_93326
830 0 _aSan Jorge ;
_v58
_914367
049 _aBNGR
999 _c22570
_d22570